| 000 | 00444nam a22001577a 4500 | ||
|---|---|---|---|
| 003 | OSt | ||
| 008 | 200713b ||||| |||| 00| 0 eng d | ||
| 082 | _a615.19 JAT | ||
| 100 | _aJagtap, Vaibhav Kumar | ||
| 245 | _aText Book of Physical Pharmaceutics-1 | ||
| 250 | _a2nd, 2019 | ||
| 260 |
_aNew Delhi _bNirali |
||
| 300 | _aMisc | ||
| 650 | _aPharmaceutics- Drug Delivery Systems,Pharmaceutical Engineering regulraty Science | ||
| 942 |
_2ddc _cBK |
||
| 999 |
_c8889 _d8889 |
||